| 000 | 01073nam a22003137a 4500 | ||
|---|---|---|---|
| 003 | CHAP | ||
| 005 | 20220329134855.0 | ||
| 008 | 971013s1966 r 00010 d | ||
| 010 | _a27276 | ||
| 011 | _a28248 | ||
| 035 | _a32351 | ||
| 040 | _cCHAP | ||
| 090 | _aFolleto 864 | ||
| 100 | 0 | 0 |
_aKellogg, Charles E. _962942 |
| 245 | _aClasificación y correlación de suelo en los estudios edafológicos | ||
| 260 |
_a(Caracas : _bMinisterio de Obras Públicas. División de Edafología), _c(1966) |
||
| 300 | _a46 p. | ||
| 590 |
_aBATCH-UPD _b10 _c20130110 _lUCH01 _h2022 |
||
| 590 |
_aBATCH-UPD _b10 _c20130410 _lUCH01 _h1340 |
||
| 590 |
_aBATCH-UPD _b10 _c20130914 _lUCH01 _h1944 |
||
| 590 |
_aCONVERSION _b10 _c20130109 _lUCH01 _h1316 |
||
| 650 | 1 | 4 |
_aSuelos _xClasificación. _9110239 |
| 901 | _aBK | ||
| 942 | _cFOLL | ||
| 949 |
_aFolleto 864 _bBC _cFOLL _d-75121 _eTS1 _i32351 _si |
||
| 949 |
_aFolleto 864 _bBC _cFOLL _d-75122 _eTS2 _fc.2 _i32351 _si |
||
| 949 |
_aFolleto 864 _bBC _cFOLL _d-75123 _eTS2 _fc.4 _i32351 _si |
||
| 949 |
_aFolleto 864 _bBC _cFOLL _d-75124 _eTS2 _fc.3 _i32351 _si |
||
| 999 |
_c27276 _d27276 |
||